000 00668nam a2200217Ia 4500
003 GCL
008 140319s9999 xx 000 0 ara d
040 _aGCL /
_cGCL
082 0 4 _a332.49
_bب ن
100 1 _aبلانت، ريتشارد
245 1 0 _aالنقود العربية والاسلامية /
_cبلانت، ريتشارد
700 1 _aبسام سروج
700 1 _aابراهيم سروج
300 _a208 ص
490 _aالهيئة العامة للاستعلامات
_v0
650 0 4 _aالنقود
650 0 4 _aالنقود العربية
650 0 4 _aالنقود الاسلامية
650 0 4 _aالمسكوكات
942 _2ddc
_cBK
999 _c49009
_d49009